| 000 | 00588nam a2200193 i 4500 | ||
|---|---|---|---|
| 001 | 50327 | ||
| 003 | ES-MaACL | ||
| 005 | 20240320062608.0 | ||
| 007 | t| | ||
| 008 | 030804s1953 sp ||||1| spa d | ||
| 080 | _a922 Martinez Ruiz, José:396 | ||
| 100 | 1 |
_aCruz Rueda, Angel. _941847 |
|
| 245 | 1 | 0 |
_aMujeres de Azorín / _cÁngel Cruz Rueda ; silueta del autor por Azorín [seud.]. |
| 260 |
_aMadrid : _bBiblioteca Nueva, _c1953 ( _fClemares) |
||
| 300 |
_a296 p., 1 lám. ; _c18 cm. |
||
| 600 | 0 | 4 |
_aAzorín, _d1873-1967 _924326 |
| 852 | 4 |
_aES-MaACL _jC-6941 |
|
| 999 |
_c50327 _d50327 |
||